Statistics for Harry Potter - Order of the Phoenix Members

Click here to take the quiz!

General Stats

  • This quiz has been taken 37,944 times
    (37,934 since last reset)
  • The average score is 19 of 34

Answer Stats

First NameLast Name% Correct
SiriusBlack
99%
AlbusDumbledore
95%
JamesPotter
92%
LilyPotter
91%
SeverusSnape
90%
PeterPettigrew
89%
MinervaMcGonagall
84%
MollyWeasley
84%
RubeusHagrid
84%
ArthurWeasley
83%
FleurDelacour
83%
RemusLupin
82%
AlastorMoody
81%
BillWeasley
79%
CharlieWeasley
76%
NymphadoraTonks
74%
KingsleyShacklebolt
67%
AberforthDumbledore
61%
AliceLongbottom
56%
FrankLongbottom
56%
MundungusFletcher
51%
ElphiasDoge
40%
DedalusDiggle
39%
ArabellaFigg
37%
FabianPrewett
25%
EmmelineVance
24%
GideonPrewett
24%
SturgisPodmore
24%
HestiaJones
18%
MarleneMcKinnon
17%
DorcasMeadowes
12%
BenjyFenwick
10%
EdgarBones
10%
CaradocDearborn
8%

Score Distribution

Percentile by Number Answered

Percent of People with Each Score

Your Score History

You have not taken this quiz since the last reset